01238 a2200217 4500003000500000005001700005010001600022020002700038020002700065040000900092082001600101100002100117245006700138260008200205300005300287440005400340505044200394650002200836856008800858856007400946Nust20221117101158.0 a 96003272 a0780334108 (hardcover) a0819421499 (softcover) cNust00a621.367,WEE1 aWeeks, Arthur R.10aFundamentals of electronic image processing /cArthur R. Weeks aWashingtonbSPIE Optical Engineering Press ;aNew York :bIEEE Press,cc1999. axiii, 570 p. :bill. (some col.), maps ;c26 cm. 0aSPIE/IEEE series on imaging science & engineering aIntroduction to Electronic Image Processing (Page-1), Transforms used in Electronic Image Processing (Page-40), Image Enhancement by Point Operation (Page-90), Spatial Filtering and Fourier Frequency Methods (Page-121), Nonlinear Image Processing Techniques (Page-173), Color Image Processing (Page-228), Image Geometry and Morphological Filters (Page-294), Image Segmentation and Representation (Page-387), Image Compression (Page-471). 0aImage processing.423Publisher descriptionuhttp://www.loc.gov/catdir/description/wiley037/96003272.html423Table of Contentsuhttp://www.loc.gov/catdir/toc/onix07/96003272.html